Response of arabica coffee cultivars to competition from beggarticks (Registro n. 9105)
[ somente texto ]
| 000 -LÍDER | |
|---|---|
| fixed length control field | 04817nab a2200361 i 4500 |
| 003 - CÓDIGO MARC DA AGÊNCIA CATALOGADORA | |
| Campo de controle | BR-BrBNA |
| 005 - DATA E HORA DA ÚLTIMA ATUALIZAÇÃO | |
| Campo de controle | 20230919131811.0 |
| 008 - CAMPO DE TAMANHO FIXO | |
| fixed length control field | 230515b2019 bl.ar|pooa||| 00| 0 eng | |
| 040 ## - FONTE DA CATALOGAÇÃO | |
| Agência catalogadora | BR-BrBNA |
| Idioma da catalogação | eng |
| 072 ## - CATEGORIA AGRIS | |
| Código AGRIS | H60 |
| Código do objeto | 2120 |
| 100 ## - ENTRADA PRINCIPAL - NOME PESSOAL | |
| Nome pessoal | Borges, L.G.M. |
| 100 ## - ENTRADA PRINCIPAL - NOME PESSOAL | |
| Nome pessoal | Miranda, F.R. |
| 100 ## - ENTRADA PRINCIPAL - NOME PESSOAL | |
| Nome pessoal | Borges, A.M. |
| 100 ## - ENTRADA PRINCIPAL - NOME PESSOAL | |
| Nome pessoal | Silva, J.R.O. |
| 100 ## - ENTRADA PRINCIPAL - NOME PESSOAL | |
| Nome pessoal | Campos, A.A.V. |
| 100 ## - ENTRADA PRINCIPAL - NOME PESSOAL | |
| Nome pessoal | Ronchi, C.P. |
| 245 ## - TÍTULO PRINCIPAL | |
| Título principal | Response of arabica coffee cultivars to competition from beggarticks |
| 500 ## - NOTA GERAL | |
| Nota geral | Publicação on-line; 29 ref.; 6 tables; 1 illus.; Summaries (En, Pt) |
| 942 ## - ADDED ENTRY ELEMENTS (KOHA) | |
| Koha item type | |
| 520 ## - NOTA DE RESUMO | |
| Nota de conteúdo | <br/><br/>ABSTRACT - The goal of this study was to analyze the response of Arabica coffee<br/>cultivars grown under three levels of Bidens pilosa (beggarticks) interference. At<br/>30 days after transplanting (DAT) of 14 Arabica coffee cultivars into 11 L pots,<br/>beggarticks was seeded in the pots and soon after emergence, three levels of weed<br/>infestation were established: none, low (two plants per pot), and high (five plants<br/>per pot). Treatments were arranged in a 14 × 3 factorial scheme under a completely<br/>randomized design, with four replicates. Coffee plant growth was evaluated at both<br/>weed emergence and blossoming (90 DAT) when the experiment was completed.<br/>Regardless beggarticks infestation levels, significant effects of cultivars occurred<br/>on almost all the coffee growth variables. Specifically, the Arabica coffee cultivars<br/>Arara, Asa Branca, and Bourbon Amarelo exhibited greater values for root, leaf,<br/>shoot, and whole plant dry matter when compared with the other cultivars. The<br/>Arabica coffee cultivars presented lower leaf area increments, and also lower leaf,<br/>shoot, and whole plant dry matter accumulation when grown under either low or<br/>high infestation levels (between which there were no statistical differences, p>0.05)<br/>in comparison with that under the weed-free treatment. However, there were no<br/>significant interactions between Arabica coffee cultivars and weed infestation levels<br/>for those crop growth variables. We conclude that all Arabica coffee cultivars tested<br/>were equally susceptible to B. pilosa competition in this phase of crop implantation.<br/><br/>Keywords: Bidens pilosa, Coffea arabica, weed competition, cultural control, growth,<br/>integrated weed management.<br/> |
| 520 ## - NOTA DE RESUMO | |
| Nota de conteúdo | <br/><br/>RESUMO - Objetivou-se neste estudo analisar a resposta de 14 cultivares de café<br/>arábica sob três níveis de infestação de Bidens pilosa (picão-preto). Aos 30 dias<br/>após o transplantio (DAT) das mudas de 14 cultivares de café arábica para vasos<br/>de 11 L, sementes de B. pilosa foram semeadas nos vasos, estabelecendo-se, logo<br/>após a emergência, três níveis de infestação: nulo; baixo – duas plantas/vaso; e<br/>alto – cinco plantas/vaso. O delineamento utilizado foi inteiramente casualizado<br/>com quatro repetições, e os tratamentos, distribuídos em esquema fatorial 14 x 3.<br/>O crescimento do cafeeiro foi avaliado no momento tanto da emergência quanto<br/>do florescimento da planta daninha, quando o experimento foi encerrado, aos<br/>90 DAT. Independentemente dos níveis de infestação, houve efeito significativo do<br/>fator cultivar sobre praticamente todas as variáveis avaliadas relacionadas ao<br/>crescimento das mudas de café, destacando-se os cultivares Arara, Asa Branca e<br/>Bourbon Amarelo J9, que apresentaram maiores matéria seca de folhas, raiz, parte<br/>aérea e de planta inteira, em comparação aos demais cultivares. Independentemente<br/>dos cultivares, verificou-se menor incremento de área foliar, matéria seca de folha,<br/>matéria seca da parte aérea e matéria seca da planta inteira de café, seja em nível<br/>de infestação baixo ou alto, entre os quais não houve diferença, em comparação<br/>ao tratamento livre de competição. Todavia, as interações entre cultivares e níveis de infestação para<br/>essas variáveis não foram significativas, permitindo concluir que todos os cultivares de café testados<br/>foram igualmente sensíveis à competição de B. pilosa na fase de implantação da cultura.<br/><br/>Palavras-chave: Bidens pilosa, Coffea arabica, competição de plantas daninhas, controle cultural,<br/>crescimento, manejo integrado de plantas daninhas. |
| 650 ## - ASSUNTO - THESAGRO | |
| Cabeçalho tópico ou nome geográfico | BIDENS PILOSA |
| 650 ## - ASSUNTO - THESAGRO | |
| Cabeçalho tópico ou nome geográfico | PICÃO PRETO |
| 650 ## - ASSUNTO - THESAGRO | |
| Cabeçalho tópico ou nome geográfico | COFFEA ARÁBICA |
| 650 ## - ASSUNTO - THESAGRO | |
| Cabeçalho tópico ou nome geográfico | CAFÉ |
| 650 ## - ASSUNTO - THESAGRO | |
| Cabeçalho tópico ou nome geográfico | ERVA DANINHA |
| 650 ## - ASSUNTO - THESAGRO | |
| Cabeçalho tópico ou nome geográfico | COMPETIÇÃO BIOLÓGICA |
| 650 ## - ASSUNTO - THESAGRO | |
| Cabeçalho tópico ou nome geográfico | CONTROLE CULTURAL |
| 650 ## - ASSUNTO - THESAGRO | |
| Cabeçalho tópico ou nome geográfico | CRESCIMENTO |
| 773 0# - ENTRADA ANALÍTICA | |
| Host Biblionumber | 886 |
| Registro do item | 1816 |
| Imprenta | Londrina-PR : Sociedade Brasileira da Ciência das Plantas Daninhas, 1978 |
| Outro identificador | 2023-031023 |
| Título | Planta Daninha (Brazil) |
| ISSN | 0100-8358; 1806-9681 (on-line) |
| Colação | v. 37 p. 1-9; (2019) |
| Número de controle de registro | BR2023000360 |
| 856 ## - ACESSO E ENDEREÇO ELETRÔNICO | |
| Identificador uniforme de recurso - URI | https://www.scielo.br/j/pd/a/DNVjhvMbDcGxj5btLWdwF3F/?format=pdf&lang=en |
Nenhum exemplar disponível.

BINAGRI